A song is a rainbow : music, movement and rhythm instruments in the nursery school and kindergarten

Αποθηκεύτηκε σε:
Λεπτομέρειες βιβλιογραφικής εγγραφής
Κύριος συγγραφέας: Zeitlin, Patty
Μορφή: Βιβλίο
Γλώσσα:English
Δημοσίευση: Glenview : Scott, Foresman and Company, 1982.
Θέματα:
Ετικέτες: Προσθήκη ετικέτας
Δεν υπάρχουν, Καταχωρήστε ετικέτα πρώτοι!

MARC

LEADER 00000cam a2200000 i 4500
001 1/76261
008 971126s1982 us | | | ||| ||eng||
020 |a 0673164608 
035 |a 1995  |b 2  |c Τσουτσουλοπούλου  |l 10032354 
040 |a GR-MY-UA  |b gre  |e aacr 
041 0 |a eng 
082 7 |a 372.87   |2 (22) 
100 1 |a Zeitlin, Patty. 
245 1 2 |a A song is a rainbow :   |b music, movement and rhythm instruments in the nursery school and kindergarten /   |c Patty Zeitlin. 
260 |a Glenview :   |b Scott, Foresman and Company,   |c 1982. 
300 |a 259 σ. ;   |c 21 εκ. 
650 0 0 |a School music  |x Instruction and study. 
650 0 0 |a School music. 
650 0 0 |a Kindergarten  |x Music. 
650 0 0 |a Children's songs. 
852 |a INST  |b RHODES  |e 19971126  |h 372.87 ZEI  |p 005400005199  |q 005400005199  |t BK  |y 0 
901 |a BIBL-1997-2 
909 |a Ρ  |b 042196